00786nam a2200181 a 4500008004100000020001800041050001600059100002000075245007300095250001200168260005000180300001000230350001000240650001500250995017500265999001700440952014700457150817s2001 ||||||||||||||||| || u a9780130196781 aQP 34.5 Smi aSmith, Robert R10aFundamentals of anatomy and physiology.(5th ed.)cby Robert R. Smith a5th ed. aUnited States of AmericabPrentice Hallc2001 a613p. a41.05 aPHYSIOLOGY aMEDICAL LIBRARY OPEN ACCESSe903068FCBU-SCHOOL OF MEDICINE LIBRARY (Ndola)I41.05jQP 34.5 SmiM1UAVAILABLEWSep 4, 2015y903068ZMedical Library Open Access Collection c31476d31476 00102lcc4070a002b002cMedical Library Open Access Collectiond2022-11-30l1oQP 34.5 Smip903068r2025-05-12s2025-04-26w2022-11-30y002